Australia by Letter - X - Statistics

General Stats
  • This quiz has been taken 9 times
  • The average score is 5 of 10
Answer Stats
Hint Answer % Correct
The first name that these Australians share: writer ______ Herbert, musician ______ Rudd, actor ______ Samuel Xavier
100%
Movie in which Hugh Jackman played Wolverine X-Men
100%
Queensland's most popular beer, brewed in Brisbane XXXX
100%
Movie in which Olivia-Newton John played Kira Xanadu
78%
First name of journalist and actor ______ McGuire Xander
78%
These Australian airports have a 3-letter code starting with X: Colac, Mallacoota, Minlaton, Tara, Taroom, Thargomindah, and Yam Island. Name one of the codes XCO |XMC | XML | XTR | XTO | XTG | XMY
67%
The first name shared by these Australians: forensic anthropologist Dr ______ Mallett, The Voice Australia singer ______ Campbell, reality TV star and influencer ______ Wessen Xanthe
11%
Genus of grass trees such as grass gum-tree, kangaroo tail and yamina Xanthorrhoea
11%
Small town in Western Australia which is the only Australian place starting with X Xantippe
0%
Genus of the native carpenter bee Xylocopa
0%
No matching quizzes found
Score Distribution
Percent of People with Each Score
Percentile by Number Answered
Your Score History
You have not taken this quiz